Literature, culture and society of the middle ages: studies in honour of Ferran Valls I. Taberner
שמור ב:
| Main Authors: | , |
|---|---|
| פורמט: | ספר |
| שפה: | אנגלית צרפתית ספרדית |
| יצא לאור: |
Barcelona
Promociones Publicaciones Universitarias
1989
|
| סדרה: | Interdisciplinary Studies in Honour of Ferran Valls i Taberner on the Occassion of the First Centenary of His Death
|
| נושאים: | |
| תגים: |
הוספת תג
אין תגיות, היה/י הראשונ/ה לתייג את הרשומה!
|
MARC
| LEADER | 00000nam a2200000 a 4500 | ||
|---|---|---|---|
| 001 | UCR7057 | ||
| 003 | CL-VaPUC | ||
| 008 | 980430e19890000SP |||||||||||||||||eng|d | ||
| 041 | 0 | 7 | |a eng |2 CL-VaPUC |
| 041 | 0 | 7 | |a fre |2 CL-VaPUC |
| 041 | 0 | 7 | |a spa |2 CL-VaPUC |
| 082 | 0 | 4 | |a 940.1 |b CAP |2 21 |
| 100 | 0 | |a Caprettini, Gian Paolo |e author |9 408335 | |
| 700 | |a Gandillac, Maurice de |e author |9 542170 | ||
| 245 | 1 | 0 | |a Literature, culture and society of the middle ages: studies in honour of Ferran Valls I. Taberner |
| 300 | |a v | ||
| 942 | |c BK | ||
| 945 | |d 19980430 00:00:00 |a rbrito | ||
| 260 | |a Barcelona |b Promociones Publicaciones Universitarias |c 1989 | ||
| 650 | 0 | |a Edad media |9 258041 | |
| 650 | 0 | |a Historia |9 255047 | |
| 650 | 0 | |a Cultura |9 269059 | |
| 650 | 0 | |a Literatura medieval |9 266338 | |
| 650 | 0 | |a Civilización medieval |9 265320 | |
| 583 | |a last modification |c 19980430 00:00:00 |k Rodrigo Vera | ||
| 490 | 0 | |a Interdisciplinary Studies in Honour of Ferran Valls i Taberner on the Occassion of the First Centenary of His Death | |
| 999 | |c 268911 |d 268909 | ||
| 952 | |0 0 |1 0 |4 0 |6 940_100000000000000_CAP_1989 |7 0 |8 P |9 302378 |a BIBDER |b BIBDER |d 2019-11-20 |h v.9 |i 3423298 |o 940.1 CAP 1989 |p 3423298 |r 2023-01-25 |w 2019-11-20 |y BK |k DER | ||